LDR 00829naa#a2200241#i#450# 001 EN\\bibl\121009 005 20260425113217.6 011 ## _a2308-4057 100 ## _a20260420b2026####ek#y0engy0150####ca 101 0# _aENG 102 ## _aRU 200 1# _aCellulase enzyme and citric acid in producing iodine-enriched agar powder from Gracilaria tenuistipitata _eJournal article 210 1# _aKemerovo _cKemerovo State University _d2026 215 ## _a14 с. 608 ## _aJournal article _2local 675 ## _aСельское хозяйство. Лесное хозяйство. Охота. Рыбное хозяйство. 63 _zENG 700 #1 _aHien _gBui Thi Thu 700 #1 _aTrung _gDo Minh 700 #1 _aDiem _gPham Thi 700 #1 _aNguyet _gBui Thi Minh 700 #1 _aQuyen _gVu Thi 700 #1 _aNguyen _gNguyen Van 856 4# _ajsocnet.ru _u